000 00280nam a2200109Ia 4500
008 220216s9999 xx 000 0 und d
100 _aCook Stuart
245 0 _aSustainability as a global issue
260 _bRubber Technology Developments
_c2010
300 _a15-Dec
942 _cJS
999 _c70063
_d70063